| 000 | 00409nam a22001817a 4500 | ||
|---|---|---|---|
| 003 | OSt | ||
| 005 | 20250515131516.0 | ||
| 008 | 250515b |||||||| |||| 00| 0 eng d | ||
| 020 | _a9788119858477 | ||
| 082 |
_a920 _b SINR |
||
| 100 | _aSingh, Rachna | ||
| 245 | _aRaghu Rai | ||
| 260 |
_aNew Delhi _bHawakal Publishers |
||
| 300 | _a258P. | ||
| 546 | _aEnglish | ||
| 651 | _aBiography | ||
| 942 |
_2ddc _cBK |
||
| 999 |
_c3792 _d3792 |
||